Seoul Metro Subway Line 2 - Statistics

General Stats
  • This quiz has been taken 128 times
  • The average score is 23 of 51
Answer Stats
Subway Line 2
(서울 지하철 2호선)
% Correct
222 Gangnam
76%
239 Hongik University
75%
216 Jamsil
70%
201 City Hall
68%
240 Sinchon
63%
211 Seongsu
59%
228 Seoul National University
59%
238 Hapjeong
58%
208 Wangsimni
58%
203 Euljiro 3-ga
57%
204 Euljiro 4-ga
57%
241 Ewha Womans University
55%
224 Seocho
55%
234 Sindorim
55%
217 Jamsilsaenae
54%
215 Jamsillaru
53%
226 Sadang
53%
225 Bangbae
51%
202 Euljiro 1-ga
51%
212 Konkuk University
51%
219 Samseong
51%
230 Sillim
50%
218 Sports Complex
50%
221 Yeoksam
50%
227 Nakseongdae
49%
223 Seoul Nat'l Univ. of Education
49%
242 Ahyeon
46%
205 Dongdaemun History & Culture Park
46%
232 Guro Digital Complex
45%
206 Sindang
45%
237 Dangsan
43%
214 Gangbyeon
42%
209 Hanyang University
42%
210 Ttukseom
42%
236 Yeongdeungpo-gu Office
42%
220 Seolleung
39%
229 Bongcheon
38%
233 Daerim
38%
243 Chungjeongno
37%
213 Guui
37%
207 Sangwangsimni
37%
235 Mullae
36%
231 Sindaebang
34%
234-4 Kkachisan
33%
211-4 Sinseol-dong
29%
211-1 Yongdap
22%
211-2 Sindap
20%
234-2 Yangcheon-gu Office
20%
211-3 Yongdu
20%
234-1 Dorimcheon
18%
234-3 Sinjeongnegeori
16%
No matching quizzes found
Score Distribution
Percent of People with Each Score
Percentile by Number Answered
Your Score History
You have not taken this quiz